000 00671cab a2200217 4500
001 WB3144-60
008 090401t1995 xxu||||| |||| 00| 0 eng d
035 _a(Sirsi) u35518
041 _aeng
245 _aRICS cuts protection scheme levy
260 _c1995
350 _a0
490 _aEstates Times
_v(1303) 17 November 1995, 2(1)
520 _aPrivate practices with an improved claims record will pay a reduced levy to the RICS client`s money protection scheme.
650 _aCLIENTS MONEY PROTECTION SCHEME
650 _aLEVIES
650 _aRICS
690 _aMANAGEMENT-BUSINESS MANAGEMENT-PROFESSIONAL PRACTICE
942 _n0
948 _c04/03/1997
999 _c23246
_d23246